000 01846cam a2200409 i 4500
001 200468171
003 TR-AnTOB
005 20260417110033.0
007 ta
008 260417t19671961nyu 000 1 eng d
016 _a(AMICUS)000013141180
035 _a(CLU)784454-ucladb-Voyager
035 _a(OCoLC)09934901
035 _a(OCoLC)ocm09934901
035 _a(EXLNZ-01UCS_NETWORK)9912811917906531
035 _a(TR-AnTOB)200468171
040 _aTXH
_beng
_erda
_cTXH
_dGFK
_dOCLCQ
_dOCLCG
_dUPM
_dOCLCQ
_dNLC
_dUNH
_dOCLCQ
_dOCLCO
_dOCLCQ
_dOCLCL
_dOCLCQ
_dOCLCL
_dOCLCQ
_dLS1
_dOCLCO
_dOCLCF
_dOCLCO
_dOCLCL
_dTR-AnTOB
041 0 _aeng
050 1 4 _aPS3552.U75
_bS6 1967
090 _aPS3552.U75
_bS6 1967
100 1 _aBurroughs, William S.,
_d1914-1997
_eauthor
_4aut
_0http://id.loc.gov/authorities/names/n79026862
_9153757
245 1 4 _aThe soft machine /
_cWilliam S. Burroughs.
250 _aFirst Evergreen black cat edition.
264 1 _aNew York :
_bGrove Press,
_c1967.
264 4 _c©1961
300 _a182 pages ;
_c18 cm
336 _atext
_btxt
_2rdacontent
337 _aunmediated
_bn
_2rdamedia
338 _avolume
_bnc
_2rdacarrier
490 0 _aAn Evergreen black cat book ;
_vBC-131
500 _aText heavily revised and rearranged by the author from the original 1961 ed.: Olympia Press, Paris.
520 _a"In The Soft Machine, William S. Burroughs, author of Naked Lunch, turns the sexy, "scientifically" controlled mass-media society inside out. With biting use of the American vernacular, Burroughs makes a devastating attack on the power structure, violence and hypocrisy in contemporary society."--Back cover.
655 7 _aScience fiction
_2lcgft
_0http://id.loc.gov/authorities/genreForms/gf2014026529
_9153063
942 _2lcc
_cBK
999 _c200468171
_d86383